LEADER 05244cam a2200949 c 4500
001 025455184
003 DE-627
005 20260609212006.0
007 tu
008 910318s1990 xxk||||| 00| ||eng c
010 |a  89010608  
016 7 |a B9124701  |2 UK 
020 |a 0691040583  |9 0-691-04058-3 
035 |a (DE-627)025455184 
035 |a (DE-603)016576659 
035 |a (DE-576)023603135 
035 |a (DE-599)GBV025455184 
035 |a (OCoLC)231287178 
035 |a (OCoLC)231287178 
035 |a (OCoLC)20056821 
035 |a (OCoLC)24722025 
040 |a DE-627  |b ger  |c DE-627  |e rakwb 
041 |a eng 
044 |c XA-GB  |c XD-US 
050 0 |a NK5349.R3 
082 0 |a 748.5932  |q OCLC 
082 0 |a 748.594/32 
082 0 |a 748.59432 
084 |a 9,10  |2 ssgn 
084 |a LM 57880  |2 rvk  |0 (DE-625)rvk/101210: 
084 |a LM 88120  |2 rvk  |0 (DE-625)rvk/101636: 
245 0 0 |a Sumptuous arts at the royal abbeys in Reims and Braine  |b ornatus elegantiae, varietate stupendes  |c Madeline Harrison Caviness 
264 1 |a Princeton, N.J u.a.  |b Princeton University Press  |c 1990 
300 |a XXV, 401 S.  |b zahlr. Ill.  |c 31 cm 
336 |a Text  |b txt  |2 rdacontent 
337 |a ohne Hilfsmittel zu benutzen  |b n  |2 rdamedia 
338 |a Band  |b nc  |2 rdacarrier 
500 |a Includes bibliographical references (p. 157-162) and indexes 
505 8 |a Literaturverz. S. 157 - 162 
583 1 |a Archivierung/Langzeitarchivierung gewährleistet  |f SSG  |x XA-DE-BW  |2 pdager  |5 DE-16 
583 1 |a Archivierung prüfen  |c 20240324  |f DE-4165  |z 3  |2 pdager 
583 1 |a Archivierung/Langzeitarchivierung gewährleistet  |f SLG  |z Frankreichforschung  |2 pdager  |5 DE-77 
610 1 0 |a Saint-Nicaise de Reims (Abbey) 
610 1 0 |a Saint-Yved (Church : Braine, France) 
610 2 7 |0 (DE-588)4277950-9  |0 (DE-627)104412658  |0 (DE-576)210731559  |a Kloster Saint-Nicaise Reims  |2 gnd 
650 0 |a Glass painting and staining, Romanesque  |x France  |x Reims 
650 0 |a Christian art and symbolism  |x Medieval, 500-1500 
650 0 |a Glass painting and staining  |x France  |x Reims 
650 0 |a Glass painting and staining, Romanesque  |x France  |x Braine 
650 0 |a Glass painting and staining  |x France  |x Braine 
650 0 |a Glass painting and staining  |z France  |z Reims 
650 0 |a Glass painting and staining, Romanesque  |z France  |z Reims 
650 0 |a Glass painting and staining, Romanesque  |z France  |z Braine 
650 0 |a Glass painting and staining  |z France  |z Braine 
650 0 |a Christian art and symbolism  |y Medieval, 500-1500 
650 0 7 |0 (DE-588)4021177-0  |0 (DE-627)106315099  |0 (DE-576)208936653  |a Glasmalerei  |2 gnd 
651 7 |0 (DE-588)4476996-9  |0 (DE-627)236724045  |0 (DE-576)212837095  |a Saint-Yved Braine  |2 gnd 
653 0 |a Saint-Nicaise de Reims (Abbey) 
653 0 |a Saint-Yved (Church : Braine, France) 
689 0 0 |d b  |0 (DE-588)4277950-9  |0 (DE-627)104412658  |0 (DE-576)210731559  |a Kloster Saint-Nicaise Reims  |2 gnd 
689 0 1 |d b  |0 (DE-588)4246351-8  |0 (DE-627)104788194  |0 (DE-576)210478810  |a Stift Braine  |2 gnd 
689 0 2 |d s  |0 (DE-588)4021177-0  |0 (DE-627)106315099  |0 (DE-576)208936653  |a Glasmalerei  |2 gnd 
689 0 |5 (DE-627) 
700 1 |a Caviness, Madeline Harrison  |d 1938-  |0 (DE-588)136572677  |0 (DE-627)584514808  |0 (DE-576)166081809  |4 oth 
787 0 8 |i Rezension  |a Ehlers, Joachim, 1936 -   |t [Rezension von: Caviness, Madeline Harrison, Sumptuous arts and the royal abbeys in Reims and Braine, ornatus elegantiae, varietate stupendes]  |d 1996  |w (DE-627)656328479 
787 0 8 |i Rezensiert in  |a Ehlers, Joachim, 1936 -   |t [Rezension von: Madeline Harrison Caviness, Sumptuous arts at the Royal abbeys in Reims and Braine. Ornatus elegantie, varietate stupendes]  |d Sigmaringen : Jan Thorbecke Verlag, 1995  |w (DE-627)1669039145 
787 0 8 |i Rezensiert in  |a Kurmann-Schwarz, Brigitte, 1951 -   |t [Rezension von: Madeline Harrison Caviness, Sumptuos arts at the Royal Abbeys in Reims and Braine]  |d 1992  |w (DE-627)1856359603 
787 0 8 |i Rezensiert in  |a Kurmann-Schwarz, Brigitte  |t [Rezension von: Madeline Harrison Caviness, Sumptuous arts at the Royal abbeys in Reims and Braine : Princeton, NJ, Princeton Univ. Pr., 1990 / [rezensiert von:] Brigitte Kurmann-Schwarz]  |d 1991  |h S. 306 - 316  |w (DE-627)094658749 
856 4 2 |u http://www.loc.gov/catdir/description/prin031/89010608.html  |v 2015-11-04  |x Verlag  |3 Verlagsangaben  |7 1 
856 4 2 |u http://scans.hebis.de/HEBCGI/show.pl?01657665_toc.pdf  |m V:DE-605;X:Imageware  |q application/pdf  |3 Inhaltsverzeichnis  |7 1 
889 |w (DE-627)276054571 
935 |a MZFRA 
935 |i mdedup 
936 r v |a LM 57880  |b Reims  |k Kunstgeschichte  |k Kunst nach Ländern bzw. Kontinenten  |k Frankreich  |k Kunsttopografie Frankreichs  |k Alphabetische Liste der französischen Orte  |k Orte R  |k Reims  |0 (DE-627)1270945173  |0 (DE-625)rvk/101210:  |0 (DE-576)200945173 
936 r v |a LM 88120  |b gotisch  |k Kunstgeschichte  |k Kunst nach Ländern bzw. Kontinenten  |k Frankreich  |k Französische Kunstgeschichte nach Gattungen  |k Glasfenstermalerei  |k Ordnung nach Epochen  |k gotisch  |0 (DE-627)1271145448  |0 (DE-625)rvk/101636:  |0 (DE-576)201145448 
936 s n |a l300  |2 mzub 
951 |a BO 
990 |a Kloster Saint-Nicaise Reims 
990 |a Stift Braine 
990 |a Glasmalerei 
991 |a Rezensiertes Werk 
999 |a KXP-PPN025455184  |e 4460015803